UBT Library

Macromedia Coldfusion MX Web application construction kit / (Record no. 43)

000 -LEADER
fixed length control field 00728cam a2200229 a 4500
005 - DATE AND TIME OF LATEST TRANSACTION
control field 20131008054117.0
008 - FIXED-LENGTH DATA ELEMENTS--GENERAL INFORMATION
fixed length control field 030604s2003 caua 001 0 eng d
041 0# - LANGUAGE CODE
Language code of text/sound track or separate title eng
080 ## - UNIVERSAL DECIMAL CLASSIFICATION NUMBER
Universal Decimal Classification number 004.42
100 1# - Rafti
Rafti Forta, Ben.
245 10 - TITLE STATEMENT
Title Macromedia Coldfusion MX Web application construction kit /
Statement of responsibility, etc Ben Forta and Nate Weiss ... [et al.].
246 30 - VARYING FORM OF TITLE
Title proper/short title Coldfusion MX Web application construction kit
250 ## -
-- 5th ed.
260 ## -
-- Berkeley, CA :
-- Macromedia Press,
-- c2003.
300 ## -
-- xxxiv, 1500 p. :
-- ill. ;
-- 23 cm. +
-- 1 computer optical disc (4 3/4 in.)
500 ## -
-- Includes index.
630 00 -
-- ColdFusion.
650 #0 -
-- Database design.
650 #0 -
-- Web databases.
700 1# -
-- Weiss, Nate.
942 ## - ADDED ENTRY ELEMENTS (KOHA)
Source of classification or shelving scheme
Item type Books
Holdings
Withdrawn status Lost status Source of classification or shelving scheme Damaged status Not for loan Collection code Permanent location Current location Shelving location Date acquired Total Checkouts Full call number Barcode Date last seen Price effective from Koha item type
          Koleksioni i përgjithshem UBT - Prishtine UBT - Prishtine Koleksioni i përgjithshem 10/08/2013   004.42 FOR 001-000032 10/08/2013 10/08/2013 Books
UBT Library © 2015-2024. All rights reserved University Education for Business and Technology